| 000 | 00652cam a2200193 4500 | ||
|---|---|---|---|
| 001 | WB3605-15 | ||
| 008 | 000000n2000 000 0 eng u | ||
| 035 | _a(Sirsi) u103973 | ||
| 245 | _aUK's largest property sale | ||
| 260 | _c2000 | ||
| 490 |
_aProperty Week _v 65(4) 28 January 2000, 5(1) |
||
| 520 | _aGuardian Assurance are set to sell off its £700m UK property portfolio. This would amount to the UK's largest-ever single portfolio sale. | ||
| 590 | _aWB | ||
| 650 | _aGUARDIAN ASSURANCE | ||
| 650 | _aPROPERTY SALES | ||
| 650 | _aPROPERTY PORTFOLIOS | ||
| 690 | _aPROPERTY-COMMERCIAL PROPERTY-COMMERCIAL PROPERTY MARKET | ||
| 942 | _n0 | ||
| 999 |
_c62398 _d62398 |
||